| 000 | 00371nam a22001697a 4500 | ||
|---|---|---|---|
| 003 | CEME | ||
| 005 | 20210628204021.0 | ||
| 008 | 210106b xxu||||| |||| 00| 0 eng d | ||
| 020 | _a0099276011 | ||
| 040 | _c. | ||
| 082 | _a823 DUN | ||
| 100 |
_aDunmore, Helen _968266 |
||
| 245 | _aIn the money | ||
| 260 |
_aUK _bRED FOX _c1993 |
||
| 300 | _a143P | ||
| 942 |
_cBK _2ddc |
||
| 999 |
_c575876 _d575876 |
||